000 00792naa a22002297u 4500
001 20888
003 HDC
007 cr bn ---aaaaa
008 210306t200909 xx 000 0 eng
040 _aHDC
245 0 _aDIGGING INTO THE WORLD OF ISLAMIC BANKING AND FINANCING
260 _a[No place] :
_b[publisher not identified],
_c2009
336 _atext
_2rdacontent
337 _acomputer
_2rdamedia
338 _aonline resource
_2rdacarrier
650 _aBanks and banking
_xReligious aspects
_xIslam
_9262
650 _aFinance (Islamic law)
_9439
856 _zRequest full-text at [email protected]
942 _2lcc
942 _cEIJ
942 _kEMAG 000919
999 _c18204
_d18204